| 000 | 00725cam a22002052 4500 | ||
|---|---|---|---|
| 001 | ca 36000709 | ||
| 003 | DLC | ||
| 005 | 20260227111141.0 | ||
| 008 | 840817s1921 er 000 0 est | ||
| 010 | _aca 36000709 | ||
| 040 |
_aDLC _cCarP _dDLC |
||
| 050 | 0 | 0 |
_aPH625 _b.A2 1921 |
| 051 |
_aPH625 _b.A2 1921 Copy 2 _cCopy 2 |
||
| 100 | 1 |
_aAavik, Johannes, _d1880-1973. |
|
| 245 | 0 | 0 |
_aUute sônade ja vähem tuntud sõnade sônastik, sisaldab yle 4000 uuema ja vähem tuntud ning haruldasema sõna. _cKokku säädnud Joh. Aavik. |
| 250 | _a2. parandet ja suuresti täiendet trykk. | ||
| 260 |
_aTallinnas, _bA. Keisermann, _c1921. |
||
| 300 |
_a160 p. _c21 cm. |
||
| 650 | 0 |
_aEstonian language _vGlossaries, vocabularies, etc. |
|
| 999 |
_c18114 _d18114 |
||